000 00828cam a2200229 a 4500
001 000002587
005 20200929150222.0
008 990203s1997 sp b 001 0 spa d
020 _a8478203516
040 _aDO-SdBNP
_bspa
_cBNPHU
082 _a808.5
_bP645c
100 1 _aPina Polo, Francisco.
_98150
245 1 0 _aContra arma verbis :
_bel orador ante el pueblo en la Roma tardorrepublicana /
_cFrancisco Pina Polo.
260 _aZaragoza :
_bInstitución Fernando el Catolico,
_c1997.
300 _a290 p. ;
_c21 cm.
440 0 _aPublicación numero 1.825 de la Institución Fernando el Catolico
_98151
500 _aTranslated from the German.
504 _aIncludes bibliographical references (p. 251-264) and indexes.
650 4 _aOratoria
_91172
650 4 _aOratoria política
_zRoma
_98152
910 _aEn proceso
999 _c2423
_d2423